Does Greece Have... - Statistics

General Stats
  • This quiz has been taken 25 times
  • The average score is 15 of 20
Answer Stats
Hint Explanation Answer % Correct
A Border With Turkey 128 miles of it Yes
100%
Nine Million Greek Orthodox Christians 90% of Greece's 10 million people are Greek Orthodox Yes
100%
Half Of The Mediterranean Islands Of the 10,000 islands in the Mediterranean, Greece has 6,000 of them Yes
96%
Olive Trees Older Than 2,000 Years A lot are still alive Yes
96%
A McDonald’s With A View Of The Parthenon Right in Monastiraki Square Yes
88%
A Flag With More Stripes Than The USA Greece's flag has nine, the USA's flag has 13 No
83%
A Rainforest Only Mediterranean Scrubland No
83%
The Busiest Container Port In Europe Sure! Just after Rotterdam, Antwerp, Hamburg, and Valencia No
83%
A Megacity Athens, Greece's largest city is just over 3 Million No
79%
5 Of The Ten Biggest Mediterranean Islands Crete, Euboea, Lesbos, Rhodes and Chios Yes
79%
A Population That Is In The Top Ten Oldest In The World The average Greek is 44.2 years old, the seventh oldest population on Earth Yes
75%
The Most Coastline In Europe Not Counting Russia, Greece ranks #2 in Europe, though it only has 16% of the coastline length of Norway No
63%
An Airport That Is One Of The Ten Busiest In Europe Athens International ranks #16, with 31 Million annual passengers No
63%
The Oldest Remains Of Non-Africans The Apidima Cave has 200,000 year old remains Yes
63%
The Highest Olive Production In The EU Surprisingly, it ranks second, after Spain No
58%
People Who Still Worship The Olympians Some people still worship Greek gods through a modern polytheistic religion called Hellenism Yes
58%
More Annual Tourists Than Turkey Around 24 Million Less No
54%
The Southernmost Island In Europe Gavdos is considered the southernmost island of Europe Yes
54%
5 Land Borders 4 - Albania, Bulgaria, North Macedonia, Turkey No
50%
A 10,000 Foot Tall Mountain Mount Olympus is 9,753 feet tall No
42%
No matching quizzes found
Score Distribution
Percent of People with Each Score
Percentile by Number Answered
Your Score History
You have not taken this quiz